| 000 | 00634nam a22001817a 4500 | ||
|---|---|---|---|
| 999 |
_c58890 _d58890 |
||
| 005 | 20221017103435.0 | ||
| 008 | 221017s2009ge xxu||||| |||| 00| 0 ger d | ||
| 020 | _a9783050045368 | ||
| 041 | _ager | ||
| 080 | _a821.112.2 A-90 | ||
| 100 |
_aAjouri, Philip. _915328 |
||
| 245 |
_aLiteratur um 1900 Naturalismus-Fin de Siecle-Expressionismus : _b(Akademie Studienbücher ; Literaturwissenschaft) / _cPhilip Ajouri. |
||
| 264 |
_aBerlin: _bAkademie Verlag, _c2009. |
||
| 300 |
_a255 p.; _b23 cm. |
||
| 653 | _aლიტერატურათმცოდნეობა | ||
| 653 | _aგერმანული | ||
| 942 |
_2udc _cBK |
||